[Event "Giessen-ch"]
[Site "Giessen"]
[Date "2008.02.29"]
[Round "3"]
[White "Beier, Marcus"]
[Black "Will, Dominik"]
[Result "1-0"]
[WhiteElo "1795"]
[BlackElo "1585"]
[PlyCount "45"]
[EventDate "2008.02.01"]
[EventType "swiss"]
[EventRounds "7"]
[EventCountry "GER"]
[SourceTitle "EXT 2010"]
[Source "ChessBase"]
[SourceDate "2010.11.25"]
[SourceVersion "1"]
[SourceVersionDate "2010.11.25"]
[SourceQuality "1"]

1. e4 c5 2. Nf3 d6 3. d4 cxd4 4. Nxd4 Nf6 5. Nc3 a6 6. Be3 e6 7. a4 Qc7 8. Be2 Be7 9. 0-0 Nbd7 10. f4 b6 11. f5 Nc5 12. fxe6 Nxe6 13. Nf5 Bb7 14. Nd5 Bxd5 15. exd5 Nc5 16. Nxg7+ Kd8 17. Bd4 Rg8 18. Nf5 Rg6 19. b4 Nce4 20. Bd3 Rc8 21. a5 bxa5 22. bxa5 Nc3 23. Qf3 1-0